Rahsia Firdaus (Record no. 82588)

MARC details
000 -LEADER
fixed length control field 00662nam a2200241 i 4500
001 - CONTROL NUMBER
control field C2-0274864
003 - CONTROL NUMBER IDENTIFIER
control field PPAK
005 - DATE AND TIME OF LATEST TRANSACTION
control field 20180728003809.0
008 - FIXED-LENGTH DATA ELEMENTS--GENERAL INFORMATION
fixed length control field 061005s2006 my a|||| ||||| | may d
020 ## - INTERNATIONAL STANDARD BOOK NUMBER
International Standard Book Number 9833357911 ; 9789833357918
040 ## - CATALOGING SOURCE
Original cataloging agency PPAK
Language of cataloging eng
Transcribing agency PPAK
Description conventions rda
082 04 - DEWEY DECIMAL CLASSIFICATION NUMBER
Classification number 899.233
Edition number 23
090 00 - LOCALLY ASSIGNED LC-TYPE CALL NUMBER (OCLC); LOCAL CALL NUMBER (RLIN)
Classification number (OCLC) (R) ; Classification number, CALL (RLIN) (NR) 899.233
Feature heading ALI
Feature heading K
100 0# - MAIN ENTRY--PERSONAL NAME
Personal name Alif Firdaus Azis,
Relator term author
245 10 - TITLE STATEMENT
Title Rahsia Firdaus
264 #1 - PRODUCTION, PUBLICATION, DISTRIBUTION, MANUFACTURE, AND COPYRIGHT NOTICE
Place of production, publication, distribution, manufacture Batu Caves, Selangor :
Name of producer, publisher, distributor, manufacturer PTS One ,
Date of production, publication, distribution, manufacture, or copyright notice 2006
300 ## - PHYSICAL DESCRIPTION
Extent 179 pages :
Other physical details illustrations ;
Dimensions 19 cm
336 ## - CONTENT TYPE
Source rdacontent
Content type term text
337 ## - MEDIA TYPE
Source rdamedia
Media type term unmediated
338 ## - CARRIER TYPE
Source rdacarrier
Carrier type term volume
650 10 - SUBJECT ADDED ENTRY--TOPICAL TERM
Topical term or geographic name entry element Malay fiction.
942 ## - ADDED ENTRY ELEMENTS (KOHA)
-- dc
Koha item type Book
Holdings
Withdrawn Not for loan Current library Shelving location Date acquired Total Checkouts Full call number Barcode Date last seen Date last checked out Koha item type
    Perpustakaan Awam Sungai Petani Pinjaman Kanak-kanak 06/12/2007 4 K 899.233 ALI A01182656 13/10/2024 21/09/2024 Book
    Perpustakaan Bandar Baharu Pinjaman Kanak-kanak 27/02/2007   K 899.233 ALI A01146111 09/05/2018   Book
    Perpustakaan Jitra Pinjaman Kanak-kanak 27/02/2007 4 K 899.233 ALI A01146105 03/04/2023 18/03/2023 Book
    Perpustakaan Kuala Nerang Pinjaman Kanak-kanak 27/02/2007 1 K 899.233 ALI A01146112 29/06/2022 27/06/2022 Book
    Perpustakaan Langkawi Pinjaman Kanak-kanak 27/02/2007   K 899.233 ALI A01146106 09/05/2018   Book
    Perpustakaan Sik Pinjaman Kanak-kanak 27/02/2007   K 899.233 ALI A01146109 09/05/2018   Book
    Perpustakaan Yan Pinjaman Kanak-kanak 27/02/2007   K 899.233 ALI A01146108 09/05/2018   Book
    PD05, Kg. Lindungan Raja, Kulim Pinjaman Kanak-kanak 27/02/2007   K 899.233 ALI A01146113 09/05/2018   Book